Преобразователь с широтно-импульсной модуляцией для активной компенсации продольных колебаний; Доклады Томского государственного университета систем управления и радиоэлектроники; № 2 (18), ч. 2

Dades bibliogràfiques
Parent link:Доклады Томского государственного университета систем управления и радиоэлектроники/ Томский государственный университет систем управления и радиоэлектроники.— : [Б. и.], 1997-
№ 2 (18), ч. 2.— 2008.— С. 157-160
Autor principal: Аристов А. В. Анатолий Владимирович
Sumari:Рассмотрен вопрос применения транзисторного преобразователя с широтно-импульсной модуляцией в системе активного компенсатора продольных колебаний, выполненного на базе линейной машины двойного питания с амплитудно-фазовым токовым управлением. Представлены функциональные схемы компенсатора и преобразователя, а также результаты испытаний макетного образца.
В фонде НТБ ТПУ отсутствует
Idioma:rus
Publicat: 2008
Matèries:
Format: MixedMaterials Capítol de llibre
KOHA link:https://koha.lib.tpu.ru/cgi-bin/koha/opac-detail.pl?biblionumber=597446

MARC

LEADER 00000naa0a2200000 4500
001 597446
005 20250206140033.0
035 |a (RuTPU)RU\TPU\tpu\20729 
035 |a RU\TPU\tpu\20728 
090 |a 597446 
100 |a 20120215d2008 k||y0rusy50 ca 
101 0 |a rus 
102 |a RU 
200 1 |a Преобразователь с широтно-импульсной модуляцией для активной компенсации продольных колебаний  |f А. В. Аристов 
320 |a Библиогр.: с. 160 (3 назв.) 
330 |a Рассмотрен вопрос применения транзисторного преобразователя с широтно-импульсной модуляцией в системе активного компенсатора продольных колебаний, выполненного на базе линейной машины двойного питания с амплитудно-фазовым токовым управлением. Представлены функциональные схемы компенсатора и преобразователя, а также результаты испытаний макетного образца. 
333 |a В фонде НТБ ТПУ отсутствует 
461 |t Доклады Томского государственного университета систем управления и радиоэлектроники  |f Томский государственный университет систем управления и радиоэлектроники  |n [Б. и.]  |d 1997- 
463 |t № 2 (18), ч. 2  |v С. 157-160  |d 2008 
610 1 |a труды учёных ТПУ 
700 1 |a Аристов  |b А. В.  |c российский ученый, специалист в области электротехники  |c профессор Томского политехнического университета, доктор технических наук  |f 1952-  |g Анатолий Владимирович  |3 (RuTPU)RU\TPU\pers\25508 
801 1 |a RU  |b 63413507  |c 20120215 
801 2 |a RU  |b 63413507  |c 20121203  |g RCR 
942 |c CR